Энеида (Запись № 4867007)
[ простой вид ]
| 000 -МАРКЕР | |
|---|---|
| контрольное поле | 01390nam1a22002891i 4500 |
| 001 - ИДЕНТИФИКАТОР ЗАПИСИ | |
| контрольное поле | v19\rc\2062311 |
| 005 - ИДЕНТИФИКАТОР ВЕРСИИ | |
| контрольное поле | 20260406164316.0 |
| 035 ## - ДРУГИЕ СИСТЕМНЫЕ НОМЕРА | |
| Идентификатор записи | (NLR Aleph) 005147484 |
| 100 ## - ДАННЫЕ ОБЩЕЙ ОБРАБОТКИ | |
| Данные общей обработки | 20081111d1910 |||y0rusy50 ca |
| 101 1# - ЯЗЫК РЕСУРСА | |
| Язык текста, звукозаписи и т.д. | русский |
| Язык оригинала | латинский |
| 102 ## - СТРАНА ПУБЛИКАЦИИ ИЛИ ПРОИЗВОДСТВА | |
| Страна публикации | Российская Федерация |
| 105 ## - ПОЛЕ КОДИРОВАННЫХ ДАННЫХ: ТЕКСТОВЫЕ МАТЕРИАЛЫ, МОНОГРАФИЧЕСКИЕ | |
| Кодированные данные о монографическом текстовом документе | z ||||| |
| 200 1# - ЗАГЛАВИЕ И СВЕДЕНИЯ ОБ ОТВЕТСТВЕННОСТИ | |
| Основное заглавие | Энеида |
| Сведения, относящиеся к заглавию | Песнь II |
| -- | С введ., примеч., 13 рис. и геогр. картой |
| Первые сведения об ответственности | Объяснил Д. Нагуевский, проф. Имп. Казан. ун-та |
| Последующие сведения об ответственности | П. Вергилий Марон |
| 205 ## - СВЕДЕНИЯ ОБ ИЗДАНИИ | |
| Сведения об издании | 8-е изд. Ч. 1-2 |
| 210 ## - ПУБЛИКАЦИЯ, РАСПРОСТРАНЕНИЕ И ДР. | |
| Место издания, распространения и т.д. | Санкт-Петербург |
| Имя издателя, распространителя и т. д. | [С.А. Манштейн] |
| Дата издания, распространения и т.д. | 1910 |
| 215 ## - ФИЗИЧЕСКАЯ ХАРАКТЕРИСТИКА | |
| Специфическое обозначение материала и объем | 2 т. в одном переплете |
| Размеры | 21 |
| 225 1# - СЕРИЯ | |
| Основное заглавие серии | Иллюстрированное собрание греческих римских классиков с объяснительными примечаниями |
| Сведения об ответственности | Под ред. Льва Георгиевского и Сергея Манштейна |
| 532 13 - РАСШИРЕННОЕ ЗАГЛАВИЕ | |
| Заглавие | Энеида |
| 700 #1 - ИМЯ ЛИЦА - ПЕРВИЧНАЯ ОТВЕТСТВЕННОСТЬ | |
| Материалы, к которым относится поле | rus |
| Графика поля | Кириллица |
| Начальный элемент ввода | Вергилий Марон |
| Часть имени, кроме начального элемента ввода | П. |
| Расширение инициалов личного имени | Публий |
| Даты | 70-19 до н.э. |
| Идентификатор авторитетной/нормативной записи | RU\NLR\AUTH\7710632 |
| Системный номер авторитетной/нормативной записи | 120399 |
| 702 #1 - ИМЯ ЛИЦА - ВТОРИЧНАЯ ОТВЕТСТВЕННОСТЬ | |
| Начальный элемент ввода | Нагуевский |
| Часть имени, кроме начального элемента ввода | Д.И. |
| Код отношения | Прочие |
| 790 #1 - ИМЯ ЛИЦА - АЛЬТЕРНАТИВНАЯ ФОРМА | |
| Связь между полями | z01700 |
| Начальный элемент ввода | Марон |
| Часть имени, кроме начального элемента ввода | П.В. |
| Даты | 70-19 до н. э. |
| Расширение инициалов личного имени | Публий Вергилий |
| 801 #0 - ИСТОЧНИК ЗАПИСИ | |
| Страна | Российская Федерация |
| Организация | NLR |
| Правила каталогизации | psbo |
| 801 #1 - ИСТОЧНИК ЗАПИСИ | |
| Страна | Российская Федерация |
| Организация | ProSoft-M |
| Источник данных | rusmarc |
| 852 ## - МЕСТОНАХОЖДЕНИЕ И ШИФР ХРАНЕНИЯ | |
| Идентификатор организации | NLR |
| Шифр хранения (Call Number) | 37.31.9.2 |
| 942 ## - ДОПОЛНИТЕЛЬНЫЕ ЭЛЕМЕНТЫ ЗАПИСИ (АБИС) | |
| Тип экземпляра АБИС | Книга |
Нет доступных экземпляров.